000 00277nam a2200109Ia 4500
008 200302s9999 xx 000 0 und d
100 _aKaoru Mende
245 _aDesigning With Light and Shadow
260 _bImages Publishing Group Pvt. Ltd.
260 _c2000
300 _a184 P.,
999 _c1923
_d1923